Qué puede esperar Centroamérica de las negociaciones hemisféricas /
Sábháilte in:
| Príomhchruthaitheoir: | |
|---|---|
| Formáid: | Téacs |
| Ábhair: | |
| Clibeanna: |
Cuir clib leis
Níl clibeanna ann, Bí ar an gcéad duine le clib a chur leis an taifead seo!
|
MARC
| LEADER | 00000 a a2200000 04500 | ||
|---|---|---|---|
| 001 | 2540 | ||
| 003 | |||
| 040 | |||
| 100 | |a Mazzei, Umberto | ||
| 245 | |a Qué puede esperar Centroamérica de las negociaciones hemisféricas / |c Umberto Mazzei | ||
| 650 | |a ACUERDOS INTERNACIONALES | ||
| 650 | |a LIBRE COMERCIO | ||
| 650 | |a COMERCIO MUNDIAL | ||
| 650 | |a INTEGRACION REGIONAL | ||
| 650 | |a MCCA | ||
| 650 | |a LEGISLACION | ||
| 650 | |a GATT | ||
| 773 | |g número 53; páginas 111-127 | ||
| 999 | |c 22888 |d 22888 | ||
